Conserving and valuing ecosystem services and biodiversity : economic, institutional and social challenges

Αποθηκεύτηκε σε:
Λεπτομέρειες βιβλιογραφικής εγγραφής
Άλλοι συγγραφείς: Ninan, K. N. (Επιμελητής έκδοσης), Steiner, Archim (Συγγραφέας εισαγωγής κ.λπ.)
Μορφή: Βιβλίο
Γλώσσα:English
Δημοσίευση: London : Earthscan,
Θέματα:
Ετικέτες: Προσθήκη ετικέτας
Δεν υπάρχουν, Καταχωρήστε ετικέτα πρώτοι!

MARC

LEADER 00000nam a2200000 i 4500
001 1/44931
008 140331s2009 eng d
020 |a 987-1-84971-173-9 
035 |l 10117214 
040 |a GR-MY-UA  |b gre  |e aacr 
041 0 |a eng 
082 0 |a 333.9516  |2 (23) 
245 1 0 |a Conserving and valuing ecosystem services and biodiversity :  |b economic, institutional and social challenges /  |c edited by N. Ninan ; with foreword by Dr Achin Steiner 
260 |a London :   |b Earthscan,  
300 |a xxix, 402 σ.;  |b πίν.;  |c 24 εκ. 
504 |a Περιέχει βιβλιογραφικές παραπομπές και ευρετήριο 
650 0 0 |a Biodiversity conservation  |x Economic aspects. 
650 0 0 |a Biotic communities  |x Economic aspects. 
650 0 0 |a Environmental degradation  |x Economic aspects. 
700 1 |a Ninan, K. N.  |4 edt 
700 1 |a Steiner, Archim.  |4 aui 
852 |a INST  |b LEMNOS  |e 20140331  |h 333.9516 CON  |p 005600001022  |q 005600001022  |t BK  |y 0 
901 |a BIBL6-2014-1 
909 |a Μ  |b 181671 
922 |a 6ΕΛΗ  |b 201307  |c ΤΑΚ/ΤΕΤΔ  |d ΔΙΑΔΡΟΜΕΣ 
970 |a ΜΟΣΧΟΒΗ  |b ΕΥΑΓΓΕΛΙΑ  |z 2014/03/31